Improvements to BCIS (Record no. 69287)

MARC details
000 -LEADER
fixed length control field 00980cam a2200181 4500
001 - CONTROL NUMBER
control field WB3802-04
008 - FIXED-LENGTH DATA ELEMENTS--GENERAL INFORMATION
fixed length control field 020116n2002 000 0 eng u
035 ## - SYSTEM CONTROL NUMBER
System control number (Sirsi) u116311
245 ## - TITLE STATEMENT
Title Improvements to BCIS
260 ## - PUBLICATION, DISTRIBUTION, ETC.
Date of publication, distribution, etc. 2002
490 ## - SERIES STATEMENT
Series statement RICS News Service
Volume/sequential designation 14 January 2002, (1)
520 ## - SUMMARY, ETC.
Summary, etc. BCIS has announced improvements to its Quarterly Review of Building Prices, which now includes more building categories, such as leisure facilities and animal facilities. In addition, pricing adjustment factors for Key Performance Indicators are now included. Improvements to the BCIS Online service mean that more surveying students will now be able to access it. To find out more about BCIS Quarterly Review of Building Prices, and to take out a subscription, contact BCIS: T: +44 (0)20 7695 1500; E: [email protected]
590 ## - LOCAL NOTE (RLIN)
Local note WB
650 ## - SUBJECT ADDED ENTRY--TOPICAL TERM
Topical term or geographic name entry element BUILT ENVIRONMENT-BUILDING COSTS
650 ## - SUBJECT ADDED ENTRY--TOPICAL TERM
Topical term or geographic name entry element COST INFORMATION
690 ## - LOCAL SUBJECT ADDED ENTRY--TOPICAL TERM (OCLC, RLIN)
Topical term or geographic name as entry element BUILT ENVIRONMENT-BUILDING COSTS
942 ## - ADDED ENTRY ELEMENTS (KOHA)
Suppress in OPAC 0
Holdings
Withdrawn status Lost status Source of classification or shelving scheme Damaged status Not for loan Home library Current library Shelving location Date acquired Total Checkouts Full call number Barcode Date last seen Copy number Price effective from Koha item type
    Dewey Decimal Classification     London London News article 16/01/2002   WB3802-04 116311-1001 06/08/2019 1 06/08/2019 News article